| 000 | 01458nam a2200361Ia 4500 | ||
|---|---|---|---|
| 001 | ebr10054083 | ||
| 003 | CaPaEBR | ||
| 006 | m u | ||
| 007 | cr cn||||||||| | ||
| 008 | 000907s2000 nyuac sb 000 0 eng d | ||
| 020 | _z0203902203 | ||
| 020 | _z041592118X (cloth) | ||
| 020 | _z0415921198 (pbk.) | ||
| 040 |
_aCaPaEBR _cCaPaEBR |
||
| 035 | _a(OCoLC)51782760 | ||
| 050 | 1 | 4 |
_aPN81 _b.W463 2000eb |
| 245 | 0 | 0 |
_aWhat's left of theory? _h[electronic resource] : _bnew work on the politics of literary theory / _cedited by Judith Butler, John Guillory, and Kendall Thomas. |
| 260 |
_aNew York : _bRoutledge, _cc2000. |
||
| 300 |
_axii, 292 p. : _bill., ports. |
||
| 490 | 1 | _aEssays from the English Institute | |
| 504 | _aIncludes bibliographical references. | ||
| 533 |
_aElectronic reproduction. _bPalo Alto, Calif. : _cebrary, _d2009. _nAvailable via World Wide Web. _nAccess may be limited to ebrary affiliated libraries. |
||
| 650 | 0 |
_aLiterature _xHistory and criticism _xTheory, etc. |
|
| 650 | 0 |
_aCriticism _xPolitical aspects _zUnited States. |
|
| 650 | 0 | _aPolitics and literature. | |
| 655 | 7 |
_aElectronic books. _2local |
|
| 700 | 1 | _aButler, Judith. | |
| 700 | 1 | _aGuillory, John. | |
| 700 | 1 | _aThomas, Kendall. | |
| 710 | 2 | _aebrary, Inc. | |
| 830 | 0 | _aEssays from the English Institute. | |
| 856 | 4 | 0 |
_uhttp://site.ebrary.com/lib/rucke/Doc?id=10054083 _zAn electronic book accessible through the World Wide Web; click to view |
| 999 |
_c64590 _d64590 |
||